=LDR 00000nam 2200000 4500 =001 INLIS000000000000012 =005 20150113133634.0 =006 =007 =008 Ind =035 ##$$0010-061300000000012 =041 ##$$a Ind =082 ##$$a 909 =090 ##$$a 909, Has t =100 ##$$a Hasibuan, Albert =245 ##$$a Titik pandang untuk Orde Baru / Albert Hasibuan =260 ##$$aJakarta$bSinar Harapan$c1996 =300 ##$$a xii, 372 hlm. ; 21 cm =650 ##$$a Sejarah Dunia =850 ##$$a NBPDMAT =990 ##$$a 0001/BPAP-NTB/20142015 =990 ##$$a 0001/BPAP-NTB/2015